000 00756nam a22002777a 4500
003 BCEG
005 20260324132921.0
008 260324s2023 mx |||||||||||||||f|spa|d
020 _a9786078828470
040 _aBCEG
_bspa
_cBCEG
041 _aspa
082 0 4 _a813.5
_bL866t
100 1 _aLord, Emma.
245 1 0 _aTweet cute.
260 _aCiudad de México :
_bVR Editoras,
_c2023.
300 _a396 p.
500 _aEn le amor y en Twitter se vale todo --En cubierta.
541 _aCompra.
546 _aTexto en español.
650 1 4 _aNovela juvenil estadounidense.
700 1 _aAguilar, Marcela,
_edir.
700 1 _aFusco, Vanesa,
_etr.
700 1 _aCorbetto, Melisa,
_eed.
700 1 _aPereyra Bravo, Stefany,
_eed.
942 _cBK
999 _c437128
_d437128